[Event "Wch Amateurs U1700"]
[Site "Rhodes"]
[Date "2024.10.27"]
[Round "1"]
[White "Makhamataliev, Eldor"]
[Black "Kassem, Mahmoud"]
[Result "1-0"]
[WhiteElo "1695"]
[BlackElo "1476"]
[PlyCount "59"]
[EventDate "2024.10.27"]
[EventType "swiss"]
[EventRounds "9"]
[EventCountry "GRE"]
[SourceTitle "CB45_2024"]
[Source "ChessBase"]
[SourceDate "2024.11.06"]
[SourceVersion "1"]
[SourceVersionDate "2024.11.06"]
[SourceQuality "1"]

1. e4 e5 2. Nf3 Nc6 3. Nc3 Nf6 4. d4 Nxd4 5. Nxd4 exd4 6. Qxd4 d6 7. Bf4 Be7 8. 0-0-0 0-0 9. e5 dxe5 10. Qxe5 Bd6 11. Qd4 Bxf4+ 12. Qxf4 Qe7 13. Bc4 Bg4 14. Rhe1 Qc5 15. Re5 Qc6 16. f3 Bh5 17. Nd5 Kh8 18. Nxf6 Bg6 19. Nd5 b5 20. Bd3 f6 21. Ne7 fxe5 22. Qxf8+ Rxf8 23. Nxc6 Re8 24. Bxg6 hxg6 25. Rd8 Rxd8 26. Nxd8 Kg8 27. Kd2 Kf8 28. Ne6+ Ke7 29. Nxc7 b4 30. Nd5+ 1-0